| 000 | 00817nam a2200253 i 4500 | ||
|---|---|---|---|
| 001 | 188747 | ||
| 003 | ES-MaACL | ||
| 005 | 20250814085354.0 | ||
| 007 | t| | ||
| 008 | 190212s1970 sp r ||||1| spa d | ||
| 080 | _a791.43-053.2 | ||
| 100 | 1 |
_aSerra Estruch, José. _9105633 |
|
| 245 | 1 | 0 |
_aCine formativo / _cJosé Serra Estruch ; prólogo de Marta Mata ; [versión de Jesús Llopis y Alfonso Sarria]. |
| 260 |
_aBarcelona : _bNova Terra, _c1970. |
||
| 300 |
_a348 p. ; _c20 cm. |
||
| 490 | 1 |
_aColección "Navidad" ; _v27 |
|
| 650 | 0 | 7 |
_aCine en la enseñanza _2embne _911034 |
| 700 | 0 |
_aMata, Marta. _978884 |
|
| 700 | 1 |
_aLlopis, Jesús. _9166209 |
|
| 700 | 1 |
_aSarría, Alfonso. _9166210 |
|
| 830 | 1 |
_aColección "Navidad" ; _v27 _9181795 |
|
| 852 |
_aES-MaACL _jP-474-Ter-25 |
||
| 999 |
_c188747 _d188747 |
||